000 00604nam a2200241 a 4500
001 nice12345678
003 IN_TiNIC
005 20260116011331.0
008 050524s1936 egya grp 000 0 ara
020 _a
_c100
082 0 0 _a297.29
_bHAR
100 _aHarravi, Hussain
245 _aAl-Mustashreeqoon Wal Islam
260 _aEgypt
_bMaktaba-E-ilmia
_c1936
300 _a107p
500 _aincludes index and biblioraphy
505 2 _a12 Volumes in Bounded in Six Volumes
650 _aOrientalists-Islam
700 1 _aHarravi, Hussain
902 _bSRS
942 _cBK
999 _c601
_d601